Podaj województwo po 10 najludniejszym mieście - Statystyki

Ogólne statystyki
  • Ten quiz został rozwiązany 60 razy
  • Średni wynik to 13 z 16
Statystyki odpowiedzi
Miasto Ludność Województwo % Poprawnych
Tychy 123105 śląskie
100%
Malbork 37050 pomorskie
94%
Ciechanów 41980 mazowieckie
85%
Jasło 33100 podkarpackie
85%
Sieradz 39641 łódzkie
83%
Oława 33153 dolnośląskie
81%
Mrągowo 20808 warmińsko-mazurskie
80%
Lubartów 20000 lubelskie
78%
Gorlice 25818 małopolskie
78%
Swarzędz 28561 wielkopolskie
78%
Gubin 15798 lubuskie
76%
Głuchołazy 12801 opolskie
76%
Pińczów 9843 świętokrzyskie
76%
Łapy 14700 podlaskie
72%
Goleniów 21762 zachodniopomorskie
69%
Rypin 15514 kujawsko-pomorskie
67%
Nie znaleziono quizów pasujących do podanych kryteriów
Rozkład punktacji
Procent ludzi z każdym wynikiem
Percentyl według liczby udzielonych odpowiedzi
Twoja historia wyników
Nie rozwiązałeś tego quizu